000 00979nam a2200277 i 4500
003 EG-GICUC
005 20260209133839.0
008 260209s1947 uk ||||fr ||| 00| 0 eng d
040 _aEG-GICUC
_cEG-GICUC
_dEG-GICUC
_erda
_beng
082 0 4 _221
_a341.69
_bAT . T
092 0 4 _221
099 _aLaw1 11 341.69 AT . T 1947
110 _aH.M.Attorney-General
_eAuthor.
245 _aThe Trial Of German Major War Criminal :
_bProceeding Of The International Military Tribunal Sitting At Nuremberg Germany /
_cH.M.Attorney-General .
264 0 _aLondon :
_bH.M.Attorney-General By His Majesty's Stationery Office ,
_c1947 .
300 _a444 Pages;
_c30 cm.
336 _atext
_2rda content
337 _aComputer
_2rda media
338 _aOnline Resource
_2rda carrier
546 _aText in English
650 0 4 _aPublic International Law
650 0 4 _aWar Crimes
856 _uhttps://fll.law.cu.edu.eg/fulltext/th/B11-07323.pdf
905 _a59
942 _2ddc
_cBK
_e21
_n0
999 _c61825
_d61825